Movies Quiz

Random Movies or Clickable Quiz
Score 0/20 Timer 05:00
0 Plays Today
% Correct
Forrest Gump
95%
Apollo 13
94.8%
The Polar Express
94.7%
The Da Vinci Code
92.2%
Cast Away
91.7%
Captain Phillips
89.3%
Saving Private Ryan
84.7%
A League of Their Own
82.2%
Sully
80.8%
Bridge of Spies
79.3%
% Correct
Sleepless in Seattle
77.1%
Catch Me If You Can
77.1%
Big
75.4%
Charlie Wilson's War
73.8%
Splash
73.8%
Toy Story 2
73.4%
The Terminal
70.4%
The Man with One Red Shoe
66.1%
Joe Versus the Volcano
60%
Volunteers
59.9%
Remove Ads.
Support Sporcle.
Get the best of Sporcle when you Go Orange. This ad-free experience offers more features, more stats, and more fun while also helping to support Sporcle. Thank you for becoming a member.

You're not logged in!

Compare scores with friends on all Sporcle quizzes.
OR
Log In

Show Comments

Extras

Top Quizzes Today


Score Distribution

Your Account Isn't Verified!

In order to create a playlist on Sporcle, you need to verify the email address you used during registration. Go to your Sporcle Settings to finish the process.

Report this User

Report this user for behavior that violates our Community Guidelines.

Details: